<?xml version="1.0" encoding="UTF-8"?>
<record
    xmlns:xsi="http://www.w3.org/2001/XMLSchema-instance"
    xsi:schemaLocation="http://www.loc.gov/MARC21/slim http://www.loc.gov/standards/marcxml/schema/MARC21slim.xsd"
    xmlns="http://www.loc.gov/MARC21/slim">

  <leader>02056    a2200241   4500</leader>
  <controlfield tag="001">32455</controlfield>
  <controlfield tag="005">20260407155623.0</controlfield>
  <controlfield tag="008">260407a1976    arg                 spa d</controlfield>
  <controlfield tag="003">AR-UNSa-BCEJYS</controlfield>
  <datafield tag="040" ind1=" " ind2=" ">
    <subfield code="a">AR-UNSa-BCEJYS</subfield>
    <subfield code="b">spa</subfield>
    <subfield code="c">AR-UNSa-BCEJYS</subfield>
  </datafield>
  <datafield tag="080" ind1=" " ind2=" ">
    <subfield code="a">658</subfield>
    <subfield code="x">Administraci&#xF3;n de empresas. Organizaci&#xF3;n comercial</subfield>
  </datafield>
  <datafield tag="245" ind1="1" ind2="0">
    <subfield code="a">Curso de administraci&#xF3;n moderna</subfield>
    <subfield code="p">un an&#xE1;lisis de sistemas y contingencias de las funciones administrativas</subfield>
  </datafield>
  <datafield tag="250" ind1=" " ind2=" ">
    <subfield code="a">6a. ed</subfield>
  </datafield>
  <datafield tag="264" ind1=" " ind2="1">
    <subfield code="a">Panam&#xE1; :</subfield>
    <subfield code="b">Libros McGraw-Hill</subfield>
    <subfield code="c">1976</subfield>
  </datafield>
  <datafield tag="300" ind1=" " ind2=" ">
    <subfield code="a">914 p.</subfield>
    <subfield code="c">23 cm.</subfield>
  </datafield>
  <datafield tag="505" ind1=" " ind2=" ">
    <subfield code="a">I. Fundamentos de la Ciencia de la administraci&#xF3;n: 1. La administraci&#xF3;n, su ciencia y los sistemas administrativos - 2. Surgimiento del pensamiento administrativo - 3. Enfoques del an&#xE1;lisis administrativo - 4. Los administradores y su medio ambiente externo - 5. Administraci&#xF3;n comparada - II. Planeaci&#xF3;n: 6. Naturaleza y prop&#xF3;sito de la planeaci&#xF3;n - 7. Objetivos - 8. Premisas de la planeaci&#xF3;n - 9. Toma de decisiones - 10. Estrategias y pol&#xED;ticas - 11. Forma de lograr una planeaci&#xF3;n efectiva - III Organizaci&#xF3;n: 12. Naturaleza y prop&#xF3;sito de la organizaci&#xF3;n - 13. Departamentalizaci&#xF3;n b&#xE1;sica - 14. Relaciones de autoridad en l&#xED;nea y "staff" - 15. Departamento de servicio - 16. Descentralizaci&#xF3;n de la autoridad - 17. Comit&#xE9;s - 18. Forma de lograr una organizaci&#xF3;n efectiva - IV Integraci&#xF3;n: 19. Naturaleza y prop&#xF3;sito de la integraci&#xF3;n - 20. Selecci&#xF3;n de administradores - 21. Evaluaci&#xF3;n de administradores - 22. Desarrollo y entrenamiento de administradores - V Direcci&#xF3;n y liderazgo: 23. Naturaleza de la direcci&#xF3;n y el liderazgo - 24. Motivaci&#xF3;n - 25. Liderazgo - 26. Comunicaci&#xF3;n - VI Control: 27. Sistemas y proceso de control - 28. T&#xE9;cnicas especiales de control - 29. Control de ejecuci&#xF3;n - 30. Manera de asegurar una administraci&#xF3;n efectiva</subfield>
  </datafield>
  <datafield tag="942" ind1=" " ind2=" ">
    <subfield code="c">BK</subfield>
  </datafield>
  <datafield tag="590" ind1=" " ind2=" ">
    <subfield code="a">niveau_biblio:m niveau_hierar:0</subfield>
  </datafield>
  <datafield tag="100" ind1="1" ind2=" ">
    <subfield code="a">Koontz, Harold</subfield>
  </datafield>
  <datafield tag="700" ind1="1" ind2=" ">
    <subfield code="a">O' Donnell, Cyril</subfield>
  </datafield>
  <datafield tag="700" ind1="1" ind2=" ">
    <subfield code="a">G&#xF3;mez Mont Araiza, Jaime</subfield>
  </datafield>
  <datafield tag="700" ind1="1" ind2=" ">
    <subfield code="a">Hernandez y Rodriguez, Sergio</subfield>
  </datafield>
  <datafield tag="999" ind1=" " ind2=" ">
    <subfield code="c">2279</subfield>
    <subfield code="d">2279</subfield>
  </datafield>
  <datafield tag="952" ind1=" " ind2=" ">
    <subfield code="0">0</subfield>
    <subfield code="1">0</subfield>
    <subfield code="4">0</subfield>
    <subfield code="7">0</subfield>
    <subfield code="a">BCEJYS</subfield>
    <subfield code="b">BCEJYS</subfield>
    <subfield code="c">16</subfield>
    <subfield code="d">2026-04-07</subfield>
    <subfield code="l">0</subfield>
    <subfield code="o">658 K75 6ed.</subfield>
    <subfield code="p">L53214</subfield>
    <subfield code="r">2026-04-07 15:56:23</subfield>
    <subfield code="w">2026-04-07</subfield>
    <subfield code="y">L</subfield>
  </datafield>
</record>
